UBT Library

LAB MANUAL (Record no. 39447)

000 -LEADER
fixed length control field 00286nam a22001337a 4500
008 - FIXED-LENGTH DATA ELEMENTS--GENERAL INFORMATION
fixed length control field 171227b xxu||||| |||| 00| 0 eng d
020 ## - INTERNATIONAL STANDARD BOOK NUMBER
International Standard Book Number 9780536522863
041 ## - LANGUAGE CODE
Language code of text/sound track or separate title eng
080 ## - UNIVERSAL DECIMAL CLASSIFICATION NUMBER
Universal Decimal Classification number 343.9
100 ## - Rafti
Rafti 14
101 ## - Shkurtesa
Shkurtesa JUR
245 ## - TITLE STATEMENT
Title LAB MANUAL
Statement of responsibility, etc SAFERSTEIN,R
942 ## - ADDED ENTRY ELEMENTS (KOHA)
Source of classification or shelving scheme
Item type Books
Holdings
Withdrawn status Lost status Source of classification or shelving scheme Damaged status Not for loan Collection code Permanent location Current location Shelving location Date acquired Total Checkouts Full call number Barcode Date last seen Price effective from Koha item type
          Koleksioni i përgjithshem UBT - Lipjan UBT - Lipjan Koleksioni i përgjithshem 12/27/2017   343.9 MEL 002-2939692 12/27/2017 12/27/2017 Books
UBT Library © 2015-2024. All rights reserved University Education for Business and Technology